Culture Générale - Série 925 - Statistiques

Statistiques générales
  • Ce quiz a été pris 101 fois
  • Le résultat moyen est 5 sur 10
Statistiques - réponses
Question Réponse % Correct
Quel département français, dont le chef-lieu est Bourges, a pour nom un synonyme de l'adjectif coûteux ? Cher
96%
Sous quel nom connait-on mieux l'acarien "ixode" s'attaquant à l'homme, et pouvant transmettre la maldie de Lyme ? tique
72%
Comment appelle-t-on un complexe résidentiel incluant un port de plaisance utilisé en partie par les résidents ? marina
67%
Quelle est la nationalité du père de Mary Pierce ? Américaine
66%
Quel genre d'outil est un têtu ? marteau
60%
Quelle est la capitale de l'État de New York ? Albany
35%
Quelle est la capitale des îles Fidji ? Suva
32%
En 1974, quelle chanteuse et imitatrice, prénommée Sophie, anime, avec Guy Lux, l'émission de variétés “Si on chantait” ? Sophie Darel
22%
À quel écrivain, prénommé Albert, doit-on le roman policier “Touchez pas au grisbi !” adapté à l'écran en 1953 ? Albert Simonin
11%
Ce mot de 5 lettres désigne un prénom féminin, une rivière de Russie, une ville des USA de Caroline du Nord Sylva
1%
Aucun quiz correspondant
Distribution des résultats
% des personnes avec chaque résultat
Percentile par nombre de réponses
Votre historique - résultats
Vous n’avez pas pris ce quiz